Responses for show #7536 - Monday, May 22, 2017

Contestants

Tanya Obreiter, a cell biologist from Frederick, Maryland

Justin Braddock, a power engineer from Chattanooga, Tennessee

Ragavan Ramsubramani, a financial analyst from New York, New York (whose 3-day cash winnings total $54,603)

Jeopardy! Round responses

DGA FEATURE FILM AWARD WINNERS
THUNDER & LIGHTNING
BOOKS
WORDS WITH SILENT LETTERS
BEERS BY STATE
THE BOLD AND THE BEAUTIFUL
    $200 17
La La Land

Tanya
    $200 12
a lightning rod

Justin
    $200 1
Christian Grey

Tanya
    $200 30
half

Justin
    $200 3
Massachusetts

Tanya
    $200 10
Helen of Troy

Justin
    $400 18
Apollo 13

Justin
    $400 13
the Koran

Justin
    $400 2
The Martian

Justin
    $400 29
Psalm

Justin
    $400 4
California

Justin
    $400 22
(Douglas) MacArthur

Tanya
    $600 19
(Justin: Uh...)

Gravity

RagavanJustin
    $600 14
the Denver Broncos

Justin
    $600 7
Bernie Sanders

Ragavan
    $600 28
Wednesday

Justin
    $600 5
Florida

Justin
    $600 23
(Ragavan: Who is Aida?)

Tosca

Ragavan
Triple Stumper
    $800 20
The Hurt Locker

Tanya
    $800 15
fireflies

Justin
    $800 8
the Life of Pi

Tanya
    $800 27
reign

Ragavan
    $800 6
Pennsylvania

Ragavan
    $800 24
Aphrodite

Ragavan
    $1000 21
The King's Speech

Tanya
    $1000 16
Thunder Bay

Triple Stumper
    $1,200 9
The Elements of Style

Tanya
    $1000 26
psychotic break

Tanya
    $1000 11
Texas

Justin
    $1000 25
(Alex: And we do want to thank the cast of The Bold and the Beautiful for helping us with all those clues. They have a lot of fun. We have a minute to go right now.)

Thermopylae

Ragavan

Scores at the first commercial break (after clue 15):

Ragavan Justin Tanya
$1,400 $4,600 $2,400

Scores at the end of the Jeopardy! Round:

Ragavan Justin Tanya
$4,000 $5,600 $5,800

Double Jeopardy! Round responses

RUSSIAN CULTURE
WEEDS
ASIAN-AMERICAN PERFORMERS
WORLD TOUR
19th CENTURY CONGRESSMEN
ENDS WITH A DOUBLE VOWEL
    $400 7
War and Peace

Ragavan
    $400 21
White Castle

Ragavan
    $400 8
(Alex: We have a new mobile game, Jeopardy! World Tour. Check out this free app.)

Cairo

Ragavan
    $400 10
Tennessee

Justin
    $400 16
a toupee

Tanya
    $800 6
(Peter Carl) Fabergé

Ragavan
    $800 15
locoweed

Justin
    $800 22
Live Free or Die Hard

Triple Stumper
    $800 4
Carnival

Ragavan
    $800 17
(Stephen) Douglas

Ragavan
    $800 13
tattoo

Ragavan
    $1200 5
tears

Triple Stumper
    $1200 14
ragweed

Triple Stumper
    $1200 23
Aziz Ansari

Ragavan
    $3,000 1
the Eternal City

Ragavan
    $1200 18
(Justin: What is Michigan?)

Maine

JustinTanya
    $1200 9
a muumuu

Tanya
    $1600 25
Flight of the Bumblebee

Ragavan
    $1600 24
(Alex: Less than a minute now.)

Karen O.

Triple Stumper
    $1600 3
the Ming Dynasty

Justin
    $2,000 19
John Quincy Adams

Tanya
    $1600 11
didgeridoo

Justin
    $2000 26
Pushkin

Tanya
    $2000 28
[The end-of-round signal sounds.]

stinging nettle

Tanya
    $2000 27
Fresh Off the Boat

Tanya
    $2000 2
the South Bank

Triple Stumper
    $2000 20
(Alexander) Stephens

Tanya
    $2000 12
filigree

Ragavan

Scores at the end of the Double Jeopardy! Round:

Ragavan Justin Tanya
$16,200 $8,800 $18,600

[wagering suggestions for these scores]

Final Jeopardy! Round responses

THE BRITISH EMPIRE
(Alex: [To Justin] Caranjee is Karachi.)
JustinWhat is Pakistan?
$1,200
RagavanWhat is India?
$16,199
TanyaWhat is India ? Pakistan?
$16,205
Pakistan

Final scores:

Ragavan Justin Tanya
$1 $10,000 $34,805
3rd place: $1,000 2nd place: $2,000 New champion: $34,805

Game dynamics:

Coryat scores:

Ragavan Justin Tanya
$14,400 $8,800 $18,000
17 R
(including 1 DD),
1 W
17 R,
2 W
17 R
(including 2 DDs),
0 W

Combined Coryat: $41,200

The J! Archive is created by fans, for fans. The Jeopardy! game show and all elements thereof, including but not limited to copyright and trademark thereto, are the property of Jeopardy Productions, Inc. and are protected under law. This website is not affiliated with, sponsored by, or operated by Jeopardy Productions, Inc. Join the discussion at JBoard.tv.